000 00921nam a22002417i 4500
001 IT\ICCU\CFI\0091981
003 ItRI
005 20260115232329.0
008 890518s1985 it |||||| ||||| |||||c
040 _bita
_cimportazione bologna sebina
041 7 _aita
_2ISO-639-2
082 _a813.54
_9NARRATIVA AMERICANA IN LINGUA INGLESE. 1945-
_211
100 1 _aMailer, Norman
_0IT\ICCU\CFIV\004216
_4aut
240 1 0 _aTough guys donʼt dance.
_3IT\ICCU\CFI\0091984
_9Mailer, Norman
245 1 2 _aI duri non ballano /
_cNorman Mailer.
260 _aMilano :
_bBompiani,
_c1985
300 _a246 p. ;
_c23 cm
500 _aTrad. di Pier Francesco Paolini.
700 1 _aPaolini, Pier Francesco,
_d (1949- )
_0IT\ICCU\CFIV\007622
790 1 _aMailer, Norman Kingsley
_3IT\ICCU\SBNV\098729
_zMailer, Norman
790 1 _aPaolini, Pierfrancesco
_3IT\ICCU\CFIV\168659
_zPaolini, Pier Francesco (1949- )
942 _2ddc
_cBK
_n0
999 _c20683
_d20683